2011 Cricket World Cup Teams - Statistics

General Stats
  • This quiz has been taken 3,190 times
    3,187 since last reset
  • The average score is 12 of 14
Answer Stats
Hint Answer % Correct
5 India
99%
2 Australia
98%
1 England
97%
10 Pakistan
96%
3 New Zealand
95%
6 Sri Lanka
94%
4 South Africa
93%
7 West Indies
88%
8 Bangladesh
87%
14 Ireland
87%
9 Zimbabwe
76%
12 Netherlands
74%
11 Kenya
71%
13 Canada
62%
No matching quizzes found
Score Distribution
Percent of People with Each Score
Percentile by Number Answered
Your Score History
You have not taken this quiz since the last reset